000 00432nam a2200169Ia 4500
008 240401s2022 xx und d
041 _aeng
082 _a612/BHI
100 _aDR.S.B.BHISE
245 _aHUMAN ANATOMY AND PHYSIOLOGY -II
250 _a9
260 _aPUNE
_bNIRALI PRAKASHAN
_c2022
300 _aP.B/8.14
650 _aHUMAN ANATOMY AND PHYSIOLOGY -II
650 _aPHARMACOLOGY
700 _aDR.A.V.YADAV
999 _c1151911
_d1151911